Statistics for Countries with Surprising Populations

Click here to take the quiz!

General Stats

  • This quiz has been taken 18 times
  • The average score is 6 of 10

Answer Stats

QuestionAnswer% Correct
Nepal's population is 30,118,383. Sri Lanka's population is 21,581,686. What is Bangladesh's population?167,767,559
94%
South Africa's population is 60,711,507. Mozambique's population is 32,899,937. What is Zimbabwe's population?15,269,397
76%
Morocco's population is 37,728,922. Algeria's population is 45,336,349. What is Libya's population?7,046,322
76%
Norway's population is 5,500,770. Finland's population is 5,556,867. What is Sweden's population?10,217,065
71%
Estonia's population is 1,328,206. Latvia's population is 1,847,151. What is Lithuania's population?2,651,073
65%
The UAE's population is 10,114,582. Oman's population is 5,350,190. What is Yemen's population?31,058,009
65%
Armenia's population is 2,973,618. Georgia's population is 3,974,824. What is Azerbaijan's population?10,310,630
53%
Honduras' population is 10,200,113. Nicaragua's population is 6,772,414. What is Guatemala's population?18,535,390
53%
Austria's population is 9,102,666. Slovakia's population is 5,464,603. What is the Czech Republic's population?10,746,251
47%
Kazakhstan's population is 19,197,441. Tajikistan's population is 9,938,253. What is Uzbekistan's population?34,379,144
47%

Score Distribution

Percentile by Number Answered

Percent of People with Each Score

Your Score History

You have not taken this quiz